| 000 | 00656nam a2200229 a 4500 | ||
|---|---|---|---|
| 999 |
_c7013 _d7013 |
||
| 001 | 7013 | ||
| 003 | BD-JhCC | ||
| 005 | 20180204094603.0 | ||
| 008 | 180204s1967 u |||| || | 001 0 eng d | ||
| 035 | _a(BD-JhCC)7013 | ||
| 040 |
_aBD-JhCC _dBD-JhCC |
||
| 041 | _aeng | ||
| 082 |
_a378.1 _bROU 1967 |
||
| 100 | _aRourke, Francis E. | ||
| 245 |
_aThe Managerial Revolution in Higher Education / _cFrancis E. Rourke and Glenn E. Brooks |
||
| 260 |
_aNew York : _bThe John Hopkins Press, _c1967 |
||
| 300 |
_a182 p. : _c24 cm. |
||
| 650 |
_aUniversities and Colleges _xAdministration |
||
| 700 | _aBrooks, Glenn E. | ||
| 942 |
_2ddc _cBK |
||